[Event "Reykjavik op"]
[Site "Reykjavik"]
[Date "2025.04.12"]
[Round "5"]
[White "Termeulen, Albert"]
[Black "Alrehaili, Ahmed Abdullah S"]
[Result "0-1"]
[WhiteElo "1999"]
[BlackElo "2152"]
[PlyCount "68"]
[EventDate "2025.04.09"]
[EventType "swiss"]
[EventRounds "9"]
[EventCountry "ISL"]
[SourceTitle "CB17_2025"]
[SourceDate "2025.04.23"]
[SourceVersion "1"]
[SourceVersionDate "2025.04.23"]
[SourceQuality "1"]

1. e4 e5 2. Nf3 Nc6 3. c3 Nf6 4. d4 Nxe4 5. d5 Nb8 6. Nxe5 Be7 7. Qg4 Nd6 8. Bd3 0-0 9. 0-0 Ne8 10. Nf3 d6 11. Qc4 Nd7 12. Nbd2 Nef6 13. Ne4 Re8 14. Bf4 Nb6 15. Nxf6+ Bxf6 16. Qb3 Bg4 17. Nd4 Bxd4 18. cxd4 Qf6 19. Be3 Bf5 20. Bb5 Re7 21. a4 Be4 22. Rfc1 Qg6 23. Bf1 Nxd5 24. Bd2 c6 25. a5 a6 26. Qc4 Rae8 27. Ra3 Qf6 28. Rg3 h6 29. Qa4 Nf4 30. Qa3 Nd5 31. Bc4 Qxd4 32. Bxh6 Bg6 33. Bg5 Qxc4 34. Rxc4 Re1# 0-1

[Event "Titled Tuesday intern op 04th Feb Late"]
[Site "Chess.com INT"]
[Date "2025.02.04"]
[Round "2"]
[White "Alrehaili, Ahmed Abdullah S"]
[Black "Cortes Lizano, Jesus"]
[Result "1-0"]
[WhiteElo "2154"]
[BlackElo "2089"]
[PlyCount "71"]
[EventDate "2025.02.04"]
[EventType "swiss (blitz)"]
[EventRounds "11"]
[EventCountry "USA"]
[SourceTitle "CB07_2025"]
[SourceDate "2025.02.12"]
[SourceVersion "1"]
[SourceVersionDate "2025.02.12"]
[SourceQuality "1"]

1. e4 c5 2. Nf3 d6 3. c3 Nf6 4. h3 e6 5. Bd3 Be7 6. Bc2 Nc6 7. 0-0 0-0 8. Re1 c4 9. d4 cxd3 10. Qxd3 a6 11. a4 b6 12. Bg5 Ne5 13. Qe2 Ng6 14. Nbd2 Bb7 15. Rad1 Qc7 16. Nc4 Rfc8 17. Bxf6 gxf6 18. Ne3 Kh8 19. Qd2 Rg8 20. Nf1 Rg7 21. Ng3 d5 22. Nh5 Rgg8 23. Qh6 Bf8 24. Qe3 Be7 25. exd5 Bxd5 26. Be4 Bxe4 27. Qxe4 Rad8 28. Rxd8 Rxd8 29. Nd4 Rd5 30. Ng3 Bd6 31. Nf1 Qc4 32. Ra1 Kg7 33. Ne3 Qc5 34. Nxd5 Qxd5 35. Qxd5 exd5 36. Nf5+ 1-0

[Event "Titled Tuesday intern op 04th Feb Late"]
[Site "Chess.com INT"]
[Date "2025.02.04"]
[Round "4"]
[White "Silvestre, Christian"]
[Black "Alrehaili, Ahmed Abdullah S"]
[Result "0-1"]
[WhiteElo "1992"]
[BlackElo "2154"]
[PlyCount "156"]
[EventDate "2025.02.04"]
[EventType "swiss (blitz)"]
[EventRounds "11"]
[EventCountry "USA"]
[SourceTitle "CB07_2025"]
[SourceDate "2025.02.12"]
[SourceVersion "1"]
[SourceVersionDate "2025.02.12"]
[SourceQuality "1"]

1. e4 e5 2. Bc4 Nf6 3. Nc3 Bc5 4. d3 d6 5. f4 c6 6. Nf3 Nbd7 7. Qe2 b5 8. Bb3 a5 9. a4 b4 10. Nd1 0-0 11. f5 d5 12. Bg5 dxe4 13. dxe4 Ba6 14. Bc4 Bxc4 15. Qxc4 Qb6 16. Nd2 Ne8 17. b3 Nd6 18. Qe2 f6 19. Bh4 Bd4 20. Bf2 c5 21. Nc4 Nxc4 22. Qxc4+ Kh8 23. Rb1 Qc6 24. Bxd4 exd4 25. Nf2 Ne5 26. Qe2 Rae8 27. 0-0 Nf7 28. Rfe1 Re7 29. Rbd1 Rfe8 30. Qc4 Nd6 31. Qd3 Nxf5 32. Rd2 Nd6 33. Rde2 Re5 34. Ng4 Rxe4 35. Nf2 Rxe2 36. Rxe2 Rxe2 37. Qxe2 h6 38. Nd3 Ne4 39. Nf4 f5 40. Qh5 Qd6 41. Qxf5 Nf6 42. Qc8+ Kh7 43. Qf5+ Kg8 44. Qc8+ Kf7 45. Qb7+ Qe7 46. Qxe7+ Kxe7 47. Nd3 Kd6 48. Kf2 g5 49. Kf3 Kd5 50. g3 Ne4 51. Nb2 Nd2+ 52. Kg4 Nf1 53. Kh5 Nxh2 54. Kxh6 g4 55. Kg5 Ke4 56. Nd3 Kf3 57. Nxc5 Kxg3 58. Ne4+ Kf3 59. Nd2+ Ke2 60. Ne4 Ke3 61. Kf5 Nf3 62. Ng3 Nh2 63. Nf1+ Nxf1 64. Kxg4 Kd2 65. Kf4 Kxc2 66. Ke4 d3 67. Kd5 d2 68. Kc5 d1Q 69. Kb5 Qb1 70. Kxa5 Qxb3 71. Kb5 Kc3 72. a5 Ne3 73. a6 Qc4+ 74. Kb6 Qxa6+ 75. Kxa6 b3 76. Kb5 b2 77. Ka4 b1Q 78. Ka3 Qb3# 0-1

[Event "Arab-ch"]
[Site "Sharjah"]
[Date "2024.11.13"]
[Round "7"]
[White "Alrehaili, Ahmed Abdullah S"]
[Black "Allam, Mohamed"]
[Result "1/2-1/2"]
[WhiteElo "2189"]
[BlackElo "2080"]
[PlyCount "112"]
[EventDate "2024.11.07"]
[EventType "swiss"]
[EventRounds "9"]
[EventCountry "UAE"]
[SourceTitle "CB47_2024"]
[SourceDate "2024.11.20"]
[SourceVersion "1"]
[SourceVersionDate "2024.11.20"]
[SourceQuality "1"]

1. e4 c6 2. d4 d5 3. e5 Bf5 4. h4 h5 5. c4 e6 6. Nc3 dxc4 7. Bxc4 Nd7 8. Nge2 Be7 9. g3 b5 10. Bb3 b4 11. Nb1 Nh6 12. f3 c5 13. Bf4 Nb6 14. dxc5 Qxd1+ 15. Bxd1 Nc4 16. Nd4 Bxc5 17. Nxf5 Nxf5 18. Nd2 Nxb2 19. Bc2 Rd8 20. Rc1 Bb6 21. Nc4 Nxc4 22. Ba4+ Ke7 23. Rxc4 Rc8 24. Rxc8 Rxc8 25. g4 hxg4 26. fxg4 Be3 27. gxf5 Bxf4 28. fxe6 Rc1+ 29. Bd1 Kxe6 30. Ke2 Kxe5 31. Rh3 a5 32. Rd3 Rc7 33. Bb3 Kf6 34. Rd5 Ra7 35. Bc2 Be5 36. Rb5 g6 37. Kf3 Bc3 38. h5 gxh5 39. Rf5+ Ke6 40. Rxh5 f6 41. Rb5 a4 42. Ke4 Kd6 43. Kd3 Ra8 44. Kc4 Be1 45. Bf5 Ra6 46. Rd5+ Kc6 47. Be4 Kc7 48. Kb5 Re6 49. Rc5+ Kd6 50. Rc6+ Ke5 51. Rxe6+ Kxe6 52. Kxa4 Ke5 53. Bb1 f5 54. Bxf5 Kxf5 55. a3 bxa3 56. Kxa3 Ke5 1/2-1/2

[Event "Arab-ch"]
[Site "Sharjah"]
[Date "2024.11.11"]
[Round "5"]
[White "Alrehaili, Ahmed Abdullah S"]
[Black "Rashed Abubaker, Alhemeiri"]
[Result "1-0"]
[WhiteElo "2189"]
[BlackElo "1845"]
[PlyCount "67"]
[EventDate "2024.11.07"]
[EventType "swiss"]
[EventRounds "9"]
[EventCountry "UAE"]
[SourceTitle "CB47_2024"]
[SourceDate "2024.11.20"]
[SourceVersion "1"]
[SourceVersionDate "2024.11.20"]
[SourceQuality "1"]

1. e4 c5 2. Nf3 g6 3. c3 d5 4. e5 Bg4 5. d4 Nc6 6. Bb5 Bxf3 7. Qxf3 cxd4 8. cxd4 Rc8 9. 0-0 Bg7 10. Nc3 e6 11. Bxc6+ bxc6 12. b3 Ne7 13. Na4 0-0 14. Ba3 Re8 15. g4 Qa5 16. Qe3 c5 17. Bxc5 Nc6 18. Rac1 Qd8 19. f4 f5 20. g5 h6 21. h4 hxg5 22. hxg5 Kf7 23. Kg2 Rh8 24. b4 Rh4 25. Rh1 Rxh1 26. Rxh1 Qc7 27. Nc3 Qb8 28. Qe2 a5 29. Nb5 Rh8 30. Nd6+ Kg8 31. Rxh8+ Kxh8 32. b5 Nd8 33. b6 Bf8 34. Qb5 1-0

[Event "Arab-ch Rapid"]
[Site "Sharjah"]
[Date "2024.11.10"]
[Round "5"]
[White "Alrehaili, Ahmed Abdullah S"]
[Black "Ghaith, Saeed Alnuaimi"]
[Result "0-1"]
[WhiteElo "2189"]
[BlackElo "1912"]
[PlyCount "88"]
[EventDate "2024.11.10"]
[EventType "swiss (rapid)"]
[EventRounds "7"]
[EventCountry "UAE"]
[SourceTitle "CB47_2024"]
[SourceDate "2024.11.20"]
[SourceVersion "1"]
[SourceVersionDate "2024.11.20"]
[SourceQuality "1"]

1. e4 c6 2. d4 d5 3. e5 Bf5 4. h4 h5 5. c4 e6 6. Nc3 Bb4 7. Qb3 a5 8. a3 Bxc3+ 9. bxc3 Qc7 10. a4 Ne7 11. Ba3 f6 12. Bd6 Qd7 13. c5 Kf7 14. Ne2 Nc8 15. exf6 gxf6 16. Bf4 b6 17. Ng3 Bg6 18. cxb6 Qb7 19. Bc7 Na6 20. Bxa6 Rxa6 21. 0-0 Nxb6 22. Bf4 Qd7 23. Rfe1 Nc4 24. Qd1 Rb6 25. Qf3 Kg7 26. Re2 Nd6 27. Rae1 Ne4 28. Nxe4 Bxe4 29. Rxe4 dxe4 30. Rxe4 Qd5 31. Qe2 Kf7 32. c4 Qf5 33. Bg3 Rb2 34. Qe1 Rg8 35. f3 Qg6 36. Kh2 f5 37. Rf4 Re2 38. Rg4 Qxg4 39. fxg4 Rxe1 40. Bxe1 Rxg4 41. Bf2 Re4 42. Kg3 Re2 43. Kf3 Ra2 44. c5 Rxa4 0-1

[Event "Arab-ch Rapid"]
[Site "Sharjah"]
[Date "2024.11.10"]
[Round "2"]
[White "Fawzy, Adham"]
[Black "Alrehaili, Ahmed Abdullah S"]
[Result "1/2-1/2"]
[WhiteElo "2498"]
[BlackElo "2189"]
[PlyCount "135"]
[EventDate "2024.11.10"]
[EventType "swiss (rapid)"]
[EventRounds "7"]
[EventCountry "UAE"]
[SourceTitle "CB47_2024"]
[SourceDate "2024.11.20"]
[SourceVersion "1"]
[SourceVersionDate "2024.11.20"]
[SourceQuality "1"]

1. e4 e5 2. Nf3 Nc6 3. Bb5 a6 4. Ba4 d6 5. 0-0 Nf6 6. c4 Bg4 7. h3 Bxf3 8. Bxc6+ bxc6 9. Qxf3 a5 10. Nc3 Be7 11. b3 Nd7 12. d3 Nc5 13. Be3 Ne6 14. Ne2 c5 15. Qg4 h5 16. Qg3 Bh4 17. Qh2 Bg5 18. f4 Bf6 19. f5 Nd4 20. Nxd4 cxd4 21. Bd2 Bg5 22. g3 Qf6 23. h4 Bh6 24. Qe2 c5 25. Kg2 Ke7 26. Rab1 Rhg8 27. Rf2 Bxd2 28. Qxd2 g5 29. fxg6 Qxg6 30. Rf3 f5 31. exf5 Qg4 32. Qh6 Kd7 33. Qe6+ Kc7 34. Qf7+ Kc6 35. Re1 Raf8 36. Qe6 Re8 37. Qd5+ Kc7 38. f6 Ref8 39. Kh2 Rxf6 40. Ref1 Rxf3 41. Rxf3 Rg7 42. Qa8 Qc8 43. Qxa5+ Kd7 44. Qa7+ Qc7 45. Qa8 Qc8 46. Qd5 Qg8 47. Qb7+ Ke6 48. Qe4 Kd7 49. Rf6 Kc7 50. Qf3 Qe8 51. Qf5 Qg8 52. Qf3 Qe8 53. a4 Qc6 54. Qxh5 Kb6 55. Qh6 Rd7 56. Qg6 Ka5 57. h5 Kb4 58. Rf7 Rxf7 59. Qxf7 e4 60. h6 exd3 61. Qf4 Kc3 62. Qc1+ Kxb3 63. h7 Qe8 64. Qb1+ Kc3 65. Qc1+ Kb3 66. Qb1+ Kc3 67. Qc1+ Kb3 68. Qb1+ 1/2-1/2

[Event "Olympiad-45"]
[Site "Budapest"]
[Date "2024.09.20"]
[Round "9.1"]
[White "Mesfin, Leykun"]
[Black "Alrehaili, Ahmed Abdullah S"]
[Result "0-1"]
[WhiteElo "2118"]
[BlackElo "2117"]
[PlyCount "92"]
[EventDate "2024.09.11"]
[EventType "team-swiss"]
[EventRounds "11"]
[EventCountry "HUN"]
[SourceTitle "EXT 2025"]
[Source "ChessBase"]
[SourceDate "2024.10.14"]
[SourceVersion "1"]
[SourceVersionDate "2024.10.14"]
[SourceQuality "1"]
[WhiteTeam "Ethiopia"]
[BlackTeam "Saudi Arabia"]
[WhiteTeamCountry "ETH"]
[BlackTeamCountry "SAU"]

1. e4 e5 2. Nf3 Nc6 3. Bb5 a6 4. Ba4 Nf6 5. d3 d6 6. c3 g6 7. 0-0 Bg7 8. Re1 0-0 9. Nbd2 Bd7 10. Nf1 Qe8 11. Bc2 Nh5 12. d4 Bg4 13. d5 Ne7 14. h3 Bd7 15. N1h2 f5 16. exf5 gxf5 17. Ng5 Nf6 18. c4 Kh8 19. Kh1 Rg8 20. f4 e4 21. Be3 h6 22. Ne6 Bxe6 23. dxe6 Qc8 24. g4 Qxe6 25. Bb3 Kh7 26. g5 Nd7 27. Qh5 Qg6 28. Qh4 Nc5 29. Bd1 Qe6 30. Bh5 hxg5 31. fxg5 Ng6 32. Qg3 Nd3 33. Rf1 Bxb2 34. Rad1 Be5 35. Qg2 Raf8 36. h4 Ngf4 37. Rxf4 Nxf4 38. Bxf4 Bxf4 39. Be2 Bxh2 40. Kxh2 f4 41. Bg4 Qxc4 42. Rg1 f3 43. Qh3 e3 44. Bf5+ Kh8 45. Be6 Qf4+ 46. Rg3 e2 0-1

[Event "Olympiad-45"]
[Site "Budapest"]
[Date "2024.09.14"]
[Round "4.52"]
[White "Alrehaili, Ahmed Abdullah S"]
[Black "Dominguez, Jose Manuel"]
[Result "1-0"]
[WhiteElo "2117"]
[BlackElo "2195"]
[PlyCount "62"]
[EventDate "2024.09.11"]
[EventType "team-swiss"]
[EventRounds "11"]
[EventCountry "HUN"]
[SourceTitle "EXT 2025"]
[Source "ChessBase"]
[SourceDate "2024.10.14"]
[SourceVersion "1"]
[SourceVersionDate "2024.10.14"]
[SourceQuality "1"]
[WhiteTeam "Saudi Arabia"]
[BlackTeam "Dominican Republic"]
[WhiteTeamCountry "SAU"]
[BlackTeamCountry "DOM"]

1. e4 d6 2. d4 Nf6 3. Nc3 c6 4. f4 Qa5 5. Bd3 e5 6. Nf3 Bg4 7. Be3 Nbd7 8. h3 exf4 9. Bxf4 Bh5 10. Qe2 0-0-0 11. Bd2 Re8 12. 0-0 Qb6 13. Qf2 d5 14. exd5 Bxf3 15. Na4 Qd8 16. Qxf3 Nxd5 17. c4 N5b6 18. Nc3 Nf6 19. Be3 Kb8 20. a4 Nc8 21. a5 a6 22. d5 c5 23. Na4 Qc7 24. b4 cxb4 25. Rfe1 Bd6 26. c5 Be5 27. d6 Qxa5 28. Nb2 Qd8 29. Bxa6 Qd7 30. Bxb7 Qxb7 31. c6 Bxb2 1-0

[Event "Abu Dhabi Masters Online"]
[Site "Chess.com INT"]
[Date "2024.08.21"]
[Round "1"]
[White "Alexakis, Dimitris"]
[Black "Alrehaili, Ahmed Abdullah S"]
[Result "1-0"]
[WhiteElo "2503"]
[BlackElo "2117"]
[PlyCount "55"]
[EventDate "2024.08.21"]
[EventType "swiss (blitz)"]
[EventRounds "11"]
[EventCountry "UAE"]
[SourceTitle "CBM 221 Extra"]
[Source "ChessBase"]
[SourceDate "2024.09.30"]
[SourceVersion "1"]
[SourceVersionDate "2024.09.30"]
[SourceQuality "1"]

1. e4 e6 2. d4 d5 3. Nc3 Nf6 4. Bg5 Be7 5. e5 Nfd7 6. Bxe7 Qxe7 7. f4 a6 8. Qh5 c5 9. Nf3 Nc6 10. 0-0-0 b5 11. h4 g6 12. Qg5 h5 13. Ne2 c4 14. f5 exf5 15. e6 Nb6 16. exf7+ Kxf7 17. Qg3 Bb7 18. Nf4 Qf6 19. Ne5+ Kg7 20. Nexg6 Rh6 21. Ne5+ Kh7 22. Be2 Rg8 23. Qe3 Na4 24. Nxh5 f4 25. Nxf6+ Rxf6 26. Qf2 b4 27. Bf3 c3 28. b3 1-0

[Event "Abu Dhabi Masters Online"]
[Site "Chess.com INT"]
[Date "2024.08.21"]
[Round "2"]
[White "Chitre, Arush"]
[Black "Alrehaili, Ahmed Abdullah S"]
[Result "1-0"]
[WhiteElo "2257"]
[BlackElo "2117"]
[PlyCount "79"]
[EventDate "2024.08.21"]
[EventType "swiss (blitz)"]
[EventRounds "11"]
[EventCountry "UAE"]
[SourceTitle "CBM 221 Extra"]
[Source "ChessBase"]
[SourceDate "2024.09.30"]
[SourceVersion "1"]
[SourceVersionDate "2024.09.30"]
[SourceQuality "1"]

1. d4 Nf6 2. Bf4 e6 3. e3 d5 4. Nf3 Bd6 5. Bg3 0-0 6. c3 c5 7. Nbd2 Qc7 8. dxc5 Bxg3 9. hxg3 Qxc5 10. Bd3 h6 11. Qe2 Nc6 12. e4 e5 13. exd5 Qxd5 14. Ne4 Qe6 15. Nfd2 Nd5 16. Bc4 Rd8 17. Rd1 Qe7 18. 0-0 Be6 19. Bb3 f5 20. c4 Nd4 21. Qh5 Bf7 22. Qh3 Nb4 23. Nc3 Nd3 24. Nf3 Nxb2 25. Nxd4 exd4 26. Nd5 Bxd5 27. cxd5 Qf6 28. Rd2 d3 29. Rb1 Nc4 30. Bxc4 Qc3 31. Rxd3 Qxc4 32. Qxf5 Rf8 33. Qe6+ Kh8 34. Rf3 Rfe8 35. Qf7 b6 36. d6 Qc6 37. Rd1 Rad8 38. d7 Re6 39. Qf8+ Rxf8 40. Rxf8+ 1-0

[Event "FISU World University"]
[Site "Entebbe"]
[Date "2024.06.29"]
[Round "8"]
[White "Nyola, Wasswa Mark"]
[Black "Alrehaili, Ahmed Abdullah S"]
[Result "1/2-1/2"]
[WhiteElo "2067"]
[BlackElo "2134"]
[PlyCount "154"]
[EventDate "2024.06.25"]
[EventType "swiss"]
[EventRounds "9"]
[EventCountry "UGA"]
[SourceTitle "CBM 220 Extra"]
[Source "ChessBase"]
[SourceDate "2024.07.31"]
[SourceVersion "1"]
[SourceVersionDate "2024.07.31"]
[SourceQuality "1"]

1. d4 Nf6 2. c4 g6 3. g3 Bg7 4. Bg2 d6 5. e4 0-0 6. Ne2 c5 7. 0-0 Nc6 8. d5 Na5 9. Qc2 e6 10. Na3 exd5 11. cxd5 Rb8 12. Nb5 Ne8 13. Nxa7 Bd7 14. a4 Ra8 15. Nb5 Bxb5 16. axb5 Nc7 17. Nc3 Qd7 18. Bf4 Rfd8 19. Rfe1 Nxb5 20. e5 Nd4 21. Qd3 dxe5 22. Bxe5 Bxe5 23. Rxe5 c4 24. Qe4 Nab3 25. Re1 b5 26. Qf4 Kg7 27. Ne4 Ra6 28. d6 Rxd6 29. Nxd6 Qxd6 30. Bd5 Rd7 31. Bg2 b4 32. h4 h5 33. g4 Re7 34. gxh5 Rxe5 35. h6+ Kh7 36. Qf5 f6 37. Qxf6 Kxh6 38. Qf4+ Kg7 39. Qxe5+ Qxe5 40. Rxe5 c3 41. bxc3 bxc3 42. Be4 Nd2 43. Kg2 Kf6 44. Rd5 Ne2 45. Rd6+ Ke5 46. Rxg6 Nf4+ 47. Kh2 Nxg6 48. Bc2 Nxh4 49. Kg3 Nf5+ 50. Kg4 Nd4 51. f4+ Kf6 52. Bd3 Nf1 53. Be4 Nd2 54. Bd3 Nc4 55. Be4 Nb2 56. Kg3 Nd1 57. Bd3 Ke6 58. Be4 Kd6 59. Kg2 Kc5 60. Kg3 Kc4 61. f5 Nb2 62. Kf2 Nd3+ 63. Ke3 Ne5 64. Bb1 Ng4+ 65. Kf4 Nf6 66. Ke3 Nd5+ 67. Ke4 Nb3 68. Bd3+ Kc5 69. Bc2 Nd4 70. Bb1 Nb5 71. Kd3 Na3 72. Ba2 c2 73. Kd2 Nb4 74. Bb3 Nc4+ 75. Kc1 Nd3+ 76. Kxc2 Ne3+ 77. Kxd3 Nxf5 1/2-1/2

[Event "FISU World University"]
[Site "Entebbe"]
[Date "2024.06.28"]
[Round "7"]
[White "Alrehaili, Ahmed Abdullah S"]
[Black "Defromont, Benjamin"]
[Result "0-1"]
[WhiteElo "2134"]
[BlackElo "2380"]
[PlyCount "76"]
[EventDate "2024.06.25"]
[EventType "swiss"]
[EventRounds "9"]
[EventCountry "UGA"]
[SourceTitle "CBM 220 Extra"]
[Source "ChessBase"]
[SourceDate "2024.07.31"]
[SourceVersion "1"]
[SourceVersionDate "2024.07.31"]
[SourceQuality "1"]

1. e4 e6 2. d3 c5 3. Nf3 b6 4. g3 Bb7 5. Bg2 d6 6. 0-0 Nf6 7. Nbd2 Be7 8. Re1 0-0 9. c3 Nc6 10. a3 b5 11. d4 Qb6 12. e5 dxe5 13. dxe5 Nd7 14. b3 Rfd8 15. Qe2 a5 16. h4 c4 17. bxc4 b4 18. Rb1 Nc5 19. Ne4 Nd3 20. Be3 Qa6 21. Red1 Qxc4 22. Nfd2 Qa2 23. cxb4 axb4 24. axb4 Bxb4 25. Nd6 Ba6 26. Bxc6 Nxe5 27. Qh5 Nxc6 28. Qxf7+ Kh8 29. Nf5 Bf8 30. Ne4 Rxd1+ 31. Rxd1 Ne5 32. Qc7 exf5 33. Ng5 Qe2 34. Qxe5 Qxd1+ 35. Kh2 Bb7 36. Nf7+ Kg8 37. Nh6+ gxh6 38. Qe6+ Kh8 0-1

[Event "FISU World University"]
[Site "Entebbe"]
[Date "2024.06.27"]
[Round "5"]
[White "Collins, Alinda"]
[Black "Alrehaili, Ahmed Abdullah S"]
[Result "0-1"]
[WhiteElo "1845"]
[BlackElo "2134"]
[PlyCount "102"]
[EventDate "2024.06.25"]
[EventType "swiss"]
[EventRounds "9"]
[EventCountry "UGA"]
[SourceTitle "CBM 220 Extra"]
[Source "ChessBase"]
[SourceDate "2024.07.31"]
[SourceVersion "1"]
[SourceVersionDate "2024.07.31"]
[SourceQuality "1"]

1. e4 e6 2. d4 d5 3. e5 c5 4. c3 Bd7 5. Nf3 Qb6 6. a3 Bb5 7. c4 Bxc4 8. Bxc4 dxc4 9. d5 exd5 10. Qxd5 Ne7 11. Qxc4 Qa6 12. Qxc5 Nd7 13. Qc2 Rc8 14. Nc3 Ng6 15. Be3 Bb4 16. Rd1 Bxc3+ 17. bxc3 Rc7 18. Qf5 Qc4 19. Bd4 0-0 20. Nd2 Qc6 21. 0-0 Qxg2+ 22. Kxg2 Nh4+ 23. Kg1 Nxf5 24. Ne4 h6 25. Rfe1 Rc6 26. Rb1 b6 27. Rb5 Re8 28. Rd5 Nf8 29. Rd1 Ng6 30. Nd6 Rd8 31. Rd3 Nxd6 32. Rxd6 Rdxd6 33. exd6 Rxd6 34. Re3 Re6 35. Rxe6 fxe6 36. Kf1 e5 37. Be3 Kf7 38. Ke2 Nf4+ 39. Kf3 Nd5 40. Bd2 b5 41. Ke4 Ke6 42. Kf3 g5 43. Kg4 Nf6+ 44. Kf3 Kf5 45. Ke2 e4 46. h3 Nd5 47. Kd1 Nf4 48. a4 a6 49. Bxf4 Kxf4 50. axb5 axb5 51. Ke2 h5 0-1

[Event "Titled Tuesday intern op 02nd Apr Late"]
[Site "Chess.com INT"]
[Date "2024.04.02"]
[Round "1"]
[White "Alrehaili, Ahmed Abdullah S"]
[Black "Bernotas, Arturs"]
[Result "0-1"]
[WhiteElo "2134"]
[BlackElo "2366"]
[PlyCount "52"]
[EventDate "2024.04.02"]
[EventType "swiss (blitz)"]
[EventRounds "11"]
[EventCountry "USA"]
[SourceTitle "CBM 219 Extra"]
[Source "ChessBase"]
[SourceDate "2024.05.31"]
[SourceVersion "1"]
[SourceVersionDate "2024.05.31"]
[SourceQuality "1"]

1. e4 c5 2. Nf3 Nc6 3. Bb5 g6 4. 0-0 Bg7 5. Re1 Nh6 6. c3 0-0 7. d4 cxd4 8. cxd4 d5 9. e5 Bg4 10. Bxc6 bxc6 11. Nbd2 f6 12. Qa4 Qb6 13. h3 Bd7 14. Qa3 Nf5 15. Nb3 fxe5 16. dxe5 Nh4 17. Nfd4 Nf5 18. Nxf5 Rxf5 19. Be3 Qd8 20. f4 a5 21. Nd4 Rf8 22. Rac1 g5 23. Rf1 gxf4 24. Bxf4 Qb6 25. Qc5 Qxb2 26. Rf2 Qb4 0-1

[Event "Titled Tuesday intern op 02nd Apr Late"]
[Site "Chess.com INT"]
[Date "2024.04.02"]
[Round "2"]
[White "Alrehaili, Ahmed Abdullah S"]
[Black "Peczely, Sebastian Zsombor"]
[Result "0-1"]
[WhiteElo "2134"]
[BlackElo "2310"]
[PlyCount "60"]
[EventDate "2024.04.02"]
[EventType "swiss (blitz)"]
[EventRounds "11"]
[EventCountry "USA"]
[SourceTitle "CBM 219 Extra"]
[Source "ChessBase"]
[SourceDate "2024.05.31"]
[SourceVersion "1"]
[SourceVersionDate "2024.05.31"]
[SourceQuality "1"]

1. e4 c5 2. Nf3 Nc6 3. Bb5 d6 4. 0-0 Bd7 5. c3 a6 6. Ba4 b5 7. Bc2 Bg4 8. h3 Bxf3 9. Qxf3 g6 10. d3 Bg7 11. Qe2 e5 12. Nd2 Nge7 13. a4 0-0 14. f4 exf4 15. Nf3 d5 16. Bxf4 dxe4 17. dxe4 b4 18. Rad1 Qa5 19. cxb4 Qxb4 20. b3 Nd4 21. Nxd4 cxd4 22. e5 Nd5 23. Bd2 Qc5 24. Bd3 Nc3 25. Bxc3 dxc3+ 26. Kh1 Qxe5 27. Qc2 a5 28. Bc4 Ra7 29. Rfe1 Qg3 30. Rd3 Qxe1+ 0-1

[Event "World Amateur-ch U2300"]
[Site "Muscat"]
[Date "2023.11.08"]
[Round "7"]
[White "Alrehaili, Ahmed Abdullah S"]
[Black "Ahmed, Hassan Ahmed"]
[Result "1-0"]
[WhiteElo "2064"]
[BlackElo "2121"]
[PlyCount "55"]
[EventDate "2023.11.02"]
[EventType "swiss"]
[EventRounds "9"]
[EventCountry "OMN"]
[SourceTitle "CBM 217 Extra"]
[Source "ChessBase"]
[SourceDate "2024.01.31"]
[SourceVersion "1"]
[SourceVersionDate "2024.01.31"]
[SourceQuality "1"]

1. e4 c5 2. Nf3 Nc6 3. Bb5 g6 4. 0-0 Bg7 5. c3 Nf6 6. Re1 0-0 7. e5 Ng4 8. d4 cxd4 9. cxd4 d6 10. h3 Nh6 11. Nc3 Nf5 12. Bxc6 bxc6 13. g4 Nh6 14. Bf4 f5 15. g5 Nf7 16. e6 Nh8 17. d5 cxd5 18. Qb3 Ba6 19. Nxd5 Re8 20. Nf6+ Kf8 21. Nxh7+ Kg8 22. Nf6+ Kf8 23. Nxe8 Qxe8 24. Bxd6 Qc6 25. Be5 Bb7 26. Bxg7+ Kxg7 27. Re3 Kg8 28. Rc3 1-0

[Event "Casablanca Mohammed op 4th"]
[Site "Casablanca"]
[Date "2023.08.18"]
[Round "7"]
[White "Alrehaili, Ahmed Abdullah S"]
[Black "Sentissi, Yassine"]
[Result "1/2-1/2"]
[WhiteElo "2052"]
[BlackElo "2006"]
[PlyCount "124"]
[EventDate "2023.08.14"]
[EventType "swiss"]
[EventRounds "9"]
[EventCountry "MAR"]
[SourceTitle "CBM 215 Extra"]
[Source "ChessBase"]
[SourceDate "2023.09.30"]
[SourceVersion "1"]
[SourceVersionDate "2023.09.30"]
[SourceQuality "1"]

1. e4 c5 2. Nf3 d6 3. c3 Nf6 4. h3 Nc6 5. Bd3 e5 6. Bc2 d5 7. exd5 Qxd5 8. Qe2 Be6 9. d3 0-0-0 10. Nbd2 h6 11. Ne4 Be7 12. Be3 c4 13. dxc4 Qxc4 14. Qxc4 Bxc4 15. Nxf6 Bxf6 16. Nd2 Bd3 17. 0-0-0 Bxc2 18. Kxc2 Be7 19. b4 b6 20. Nc4 b5 21. Nd2 f5 22. f3 h5 23. a4 a6 24. Ra1 Kb7 25. Nb3 Ra8 26. Bc5 Kc7 27. Bxe7 Nxe7 28. Nc5 Kc6 29. Rhe1 Ng6 30. Nd3 Rhe8 31. axb5+ axb5 32. Rxa8 Rxa8 33. Nxe5+ Nxe5 34. Rxe5 Ra2+ 35. Kd3 Rxg2 36. Rc5+ Kb6 37. Rxf5 h4 38. Ke4 Rg3 39. Rf7 g5 40. Rf6+ Kb7 41. Rf5 Kc6 42. Ke3 Kb6 43. Rf6+ Kc7 44. Rg6 Kb7 45. Kd4 Kc7 46. Kc5 Rxf3 47. Rc6+ Kb7 48. Rb6+ Kc7 49. Rc6+ Kb7 50. Rb6+ Kc7 51. Kxb5 Rxc3 52. Rg6 Rxh3 53. Rg7+ Kc8 54. Rxg5 Rg3 55. Rh5 Rg8 56. Rxh4 Kb7 57. Rh7+ Kb8 58. Ka5 Rf8 59. b5 Rf6 60. Rh5 Kb7 61. b6 Rf7 62. Kb5 Rg7 1/2-1/2

[Event "Casablanca Mohammed op 4th"]
[Site "Casablanca"]
[Date "2023.08.17"]
[Round "6"]
[White "Idrissi, Chafik"]
[Black "Alrehaili, Ahmed Abdullah S"]
[Result "0-1"]
[WhiteElo "2153"]
[BlackElo "2052"]
[PlyCount "80"]
[EventDate "2023.08.14"]
[EventType "swiss"]
[EventRounds "9"]
[EventCountry "MAR"]
[SourceTitle "CBM 215 Extra"]
[Source "ChessBase"]
[SourceDate "2023.09.30"]
[SourceVersion "1"]
[SourceVersionDate "2023.09.30"]
[SourceQuality "1"]

1. d4 Nf6 2. c4 g6 3. Nc3 Bg7 4. e4 d6 5. Be2 0-0 6. Be3 e5 7. d5 Na6 8. g4 Nc5 9. f3 h5 10. h3 Nh7 11. Qd2 h4 12. b4 Na6 13. a3 Bf6 14. Bd3 Nb8 15. Nge2 Bg5 16. f4 exf4 17. Nxf4 Nd7 18. 0-0 a5 19. bxa5 Rxa5 20. Nb5 Ra8 21. Nd4 Nc5 22. Nf3 Nb3 23. Qd1 Nxa1 24. Nxg5 Nxg5 25. Qxa1 Kh7 26. Bd4 f5 27. exf5 gxf5 28. Qe1 Kg8 29. Ng6 Rf7 30. Bb2 Bd7 31. Qc3 Kh7 32. gxf5 Nxh3+ 33. Kh2 Qg5 34. f6 Qg3+ 35. Kh1 Nf2+ 36. Rxf2 Qxf2 37. Ne5+ Bf5 38. Bxf5+ Qxf5 39. Nxf7 Rg8 40. Qd2 Qh3+ 0-1